[Event "Championnat de France - Accession"]
[Site "Chartres"]
[Date "2005.08.26"]
[Round "10.9"]
[White "Gregoire, Sylvain"]
[Black "Lepelletier, Benoit"]
[Result "1/2-1/2"]
[WhiteElo "2265"]
[BlackElo "2459"]
[PlyCount "58"]
[EventDate "2005.??.??"]

1. Nf3 Nf6 2. g3 b6 3. Bg2 Bb7 4. O-O e6 5. c4 Be7 6. Nc3 O-O 7. d4 Ne4 8. Qc2
Nxc3 9. Qxc3 f5 10. d5 exd5 11. Ne1 Bf6 12. Qc2 Na6 13. Nd3 c5 14. Nf4 Nc7 15.
Rd1 Qe7 16. Nxd5 Nxd5 17. Bxd5+ Bxd5 18. Rxd5 {=} 18... Rae8 19. Be3 Be5 20.
Qd2 d6 21. Re1 Qf6 22. Bg5 Qg6 23. Bf4 Qg4 24. Bxe5 dxe5 25. Rd7 Qxc4 26. Rxa7
Rf7 27. Rxf7 Qxf7 28. a3 e4 29. Rd1 Qe6 1/2-1/2

[Event "Championnat de France - Accession"]
[Site "Chartres"]
[Date "2005.08.26"]
[Round "10.10"]
[White "Giffard, Nicolas"]
[Black "Manouck, Thierry"]
[Result "1/2-1/2"]
[WhiteElo "2330"]
[BlackElo "2273"]
[PlyCount "66"]
[EventDate "2005.??.??"]

1. d4 d6 2. c4 Nf6 3. Nc3 Nbd7 4. e4 e5 5. Nf3 c6 6. Be2 Be7 7. O-O a6 8. Be3
b5 9. cxb5 cxb5 10. b4 O-O 11. d5 Nb6 12. Nd2 Bd7 13. Rc1 Qb8 14. a3 Rc8 15.
Nb3 Nc4 16. Bxc4 Rxc4 17. Na5 Rc8 18. f3 Bd8 19. Qd2 Bb6 20. Bxb6 Qxb6+ 21. Qf2
Qxf2+ 22. Kxf2 Rc7 23. Ne2 Rac8 24. Rxc7 Rxc7 25. Rc1 Rxc1 26. Nxc1 Kf8 27. Ne2
Ke7 28. Ke3 Kd8 29. h4 Kc7 30. g4 h6 31. Ng3 g5 32. h5 Ng8 33. Kd3 Ne7 1/2-1/2

[Event "Championnat de France - Accession"]
[Site "Chartres"]
[Date "2005.08.26"]
[Round "10.11"]
[White "Housieaux, David"]
[Black "Bleunven, Andre"]
[Result "0-1"]
[WhiteElo "2329"]
[BlackElo "2247"]
[PlyCount "68"]
[EventDate "2005.??.??"]

1. d4 Nf6 2. c4 e6 3. g3 c5 4. d5 exd5 5. cxd5 b5 6. Bg2 d6 7. e4 Nbd7 8. f4
Rb8 9. Nh3 Qc7 10. O-O Be7 11. Re1 O-O 12. Nd2 c4 13. Nf2 Re8 14. Nf3 Nc5 15.
Nd4 Bf8 16. Nc6 Ra8 17. b4 Na4 18. Be3 Bd7 19. Bd4 Bxc6 20. dxc6 Rad8 21. Bxf6
gxf6 22. Qd5 a6 23. Ng4 Bg7 24. Qh5 Qxc6 25. e5 Qb6+ 26. Kh1 dxe5 27. Be4 f5
28. Bxf5 exf4 29. gxf4 Qc6+ 30. Re4 Kf8 31. Rae1 Nc3 32. Bd7 Qxd7 33. Qc5+ Kg8
34. Re5 Rxe5 0-1

[Event "Championnat de France - Accession"]
[Site "Chartres"]
[Date "2005.08.26"]
[Round "10.12"]
[White "Govciyan, Pavel"]
[Black "Delorme, Alban"]
[Result "1-0"]
[WhiteElo "2328"]
[BlackElo "2254"]
[PlyCount "87"]
[EventDate "2005.??.??"]

1. d4 d5 2. Nc3 Nf6 3. Bg5 c5 4. e4 Nxe4 5. Nxe4 dxe4 6. d5 Qb6 7. Ne2 g6 8.
Nc3 Bg7 9. Rb1 f5 10. Qd2 Nd7 11. Be2 h6 12. Be3 g5 13. Bh5+ Kd8 14. f4 gxf4
15. Bxf4 Bd4 16. Be2 a6 17. Nd1 Qf6 18. g3 e5 19. dxe6 Qxe6 20. Ne3 Ke7 21. O-O
b5 22. Rbd1 Ne5 23. c3 Bxe3+ 24. Qxe3 Bb7 25. b4 Rac8 26. bxc5 Rxc5 27. Qd4
Rhc8 28. c4 Nf7 29. Bh5 Ne5 30. Bc1 Rxc4 31. Ba3+ Kf6 32. Qe3 Nf7 33. Bg4 R8c5
34. Bxc5 Rxc5 35. Bh5 Ng5 36. Qd4+ Re5 37. Qd8+ Qe7 38. Rd6+ Re6 39. Rxe6+ Kxe6
40. Qb6+ Ke5 41. Qe3 Ne6 42. Qc3+ Nd4 43. Rd1 Qd6 44. Kf2 1-0

[Event "Championnat de France - Accession"]
[Site "Chartres"]
[Date "2005.08.26"]
[Round "10.13"]
[White "Chomet, Pascal"]
[Black "Tranchant, Sebastien"]
[Result "1/2-1/2"]
[WhiteElo "2317"]
[BlackElo "2150"]
[PlyCount "85"]
[EventDate "2005.??.??"]

1. e4 c5 2. Nf3 g6 3. d4 cxd4 4. Nxd4 Nc6 5. c4 Nf6 6. Nc3 d6 7. Nc2 Bg7 8. Be2
O-O 9. O-O Nd7 10. Nd5 Nc5 11. f3 a5 12. Rb1 Be6 13. Bg5 Bxd5 14. exd5 Nb4 15.
a3 Nxc2 16. Qxc2 a4 17. Kh1 Bf6 18. Bh6 Bg7 19. Bxg7 Kxg7 20. f4 Qb6 21. Rf3
Rac8 22. Bf1 Nb3 23. Rd1 f6 24. Rg3 Kh8 25. Rh3 Rg8 26. Bd3 Kg7 27. Bf1 Rc7 28.
Rg3 Kh8 29. h4 Rcc8 30. Kh2 Qd8 31. Qf2 Nc5 32. Re1 Qf8 33. Qd4 Rc7 34. Rge3
Qg7 35. Qc3 Re8 36. Qd2 f5 37. g3 Qf6 38. Bg2 Kg8 39. R1e2 Kf8 40. Bf3 Rb8 41.
Qa5 b6 42. Qb5 h5 43. Rd2 1/2-1/2

[Event "Championnat de France - Accession"]
[Site "Chartres"]
[Date "2005.08.26"]
[Round "10.14"]
[White "Vernay, Clovis"]
[Black "Mevel, Alberic"]
[Result "1-0"]
[WhiteElo "2238"]
[BlackElo "2300"]
[PlyCount "97"]
[EventDate "2005.??.??"]

1. d4 d5 2. c4 Nc6 3. Nf3 Bg4 4. cxd5 Bxf3 5. gxf3 Qxd5 6. e3 e5 7. Nc3 Bb4 8.
Bd2 Bxc3 9. bxc3 Qd6 10. Rg1 O-O-O 11. Rxg7 f5 12. Qb3 Nge7 13. Rb1 b6 14. Qc4
Qh6 15. Rg2 Qh5 16. Rb5 Qxf3 17. Rg7 Qh1 18. Qe6+ Kb8 19. Rxe7 Nxe7 20. Qxe7
Rhe8 21. Qh4 c5 22. Qg3 Qc6 23. Rb2 cxd4 24. cxd4 f4 25. Qg2 Qa4 26. Bb5 Qa3
27. Rc2 Rg8 28. Qe4 Rg1+ 29. Ke2 exd4 30. Qxf4+ Qd6 31. Qxd6+ Rxd6 32. exd4
Rxd4 33. Ba6 Rg8 34. Be3 Ra4 35. Bb5 Rb4 36. a4 a6 37. Bxa6 Rxa4 38. Bd3 Kb7
39. Rb2 Rh4 40. Rxb6+ Kc7 41. Ra6 Rb8 42. Rh6 Rb2+ 43. Kf3 Rxh6 44. Bxh6 Rb3
45. Ke2 Rb4 46. Bg5 Rg4 47. Be3 Rh4 48. Kf3 h5 49. Bf4+ 1-0

[Event "Championnat de France - Accession"]
[Site "Chartres"]
[Date "2005.08.26"]
[Round "10.15"]
[White "Dussol, Pierre"]
[Black "Lerch, Patrice"]
[Result "0-1"]
[WhiteElo "2261"]
[BlackElo "2291"]
[PlyCount "130"]
[EventDate "2005.??.??"]

1. d4 Nf6 2. Nf3 e6 3. e3 b6 4. Bd3 Bb7 5. O-O c5 6. b3 cxd4 7. exd4 Be7 8. Bb2
O-O 9. Nbd2 Qc7 10. Re1 d6 11. c4 Re8 12. Ng5 Nbd7 13. f4 g6 14. Qe2 Bf8 15.
Qf2 Rad8 16. Qh4 Bg7 17. Re3 h6 18. Ngf3 Nh5 19. Rae1 Qb8 20. Ba1 Nf8 21. f5
exf5 22. Bxf5 Rxe3 23. Rxe3 Re8 24. Rxe8 Qxe8 25. Be4 d5 26. Bxd5 Bxd5 27. cxd5
Qd7 28. Ne5 Qxd5 29. Qe4 Qa5 30. Qc2 Nf4 31. Kf2 Qd5 32. Qe4 Qxe4 33. Nxe4 Bxe5
34. dxe5 Nd7 35. a3 Nd3+ 36. Ke3 N3xe5 37. Bxe5 Nxe5 38. Kd4 Nc6+ 39. Kd5 Nd8
40. Nd6 Ne6 41. Nc8 Nf4+ 42. Ke4 Nxg2 43. Nxa7 f5+ 44. Kf3 Ne1+ 45. Kf4 Nd3+
46. Ke3 Nc5 47. b4 Na4 48. Nb5 Kf7 49. Nd4 Kf6 50. Nf3 {=} 50... g5 51. Nd4 h5
52. Kf3 Nc3 53. Nc2 Ke5 54. h3 g4+ 55. hxg4 hxg4+ 56. Kg3 Ke4 57. Ne1 b5 58.
Nc2 Nb1 59. a4 bxa4 60. b5 Ke5 61. Nd4 Nc3 62. b6 Ne4+ 63. Kh4 Nc5 64. Ne2 a3
65. Nc1 Kd6 0-1

[Event "Championnat de France - Accession"]
[Site "Chartres"]
[Date "2005.08.26"]
[Round "10.16"]
[White "Jolly, Jean-Francois"]
[Black "Feller, Sebastien"]
[Result "0-1"]
[WhiteElo "2203"]
[BlackElo "2282"]
[PlyCount "46"]
[EventDate "2005.??.??"]

1. e4 c5 2. Nf3 e6 3. d4 cxd4 4. Nxd4 a6 5. Nc3 Qc7 6. Be2 b5 7. O-O Bb7 8. f4
b4 9. Na4 Bxe4 10. Be3 Nf6 11. c4 Be7 12. Nb3 Nc6 13. Nac5 Bg6 14. g4 h5 15. h3
hxg4 16. hxg4 Rh3 17. Rf3 Rh4 18. Rf2 a5 19. Nd2 Qa7 20. Nxe6 Qxe3 21. Nc7+ Kd8
22. Nxa8 Bc5 23. Qe1 Qg3+ 0-1

[Event "Championnat de France - Accession"]
[Site "Chartres"]
[Date "2005.08.26"]
[Round "10.17"]
[White "Dubreuil, Julien"]
[Black "Olivier, Jean-Christophe"]
[Result "1/2-1/2"]
[WhiteElo "2210"]
[BlackElo "2373"]
[PlyCount "139"]
[EventDate "2005.??.??"]

1. e4 c5 2. Nf3 e6 3. d4 cxd4 4. Nxd4 Nc6 5. Nc3 a6 6. Be2 Nge7 7. Be3 Nxd4 8.
Qxd4 Nc6 9. Qb6 Bd6 10. Qxd8+ Kxd8 11. Bb6+ Bc7 12. Na4 Rb8 13. O-O-O Bxb6 14.
Nxb6 Kc7 15. Nc4 b5 16. Nd6 Rb6 17. Rd2 Nb4 18. Rhd1 Nxa2+ 19. Kb1 Nb4 20. Nxc8
Kxc8 21. Rxd7 Rf8 22. Bg4 Rb7 23. R7d6 Rc7 24. c3 Nc6 25. f4 Rd8 26. e5 Rxd6
27. Rxd6 a5 28. Bf3 Nd8 29. Rb6 Rc5 30. Be2 g5 31. g3 gxf4 32. gxf4 b4 33. cxb4
axb4 34. Rxb4 f6 35. exf6 Rf5 36. Rb5 Rxf6 37. Rh5 h6 38. Kc2 Nf7 39. Rc5+ Kd7
40. Rc4 Nd6 41. Ra4 Rg6 42. Bf3 Nf5 43. Kd3 Rg1 44. Ke2 Kd6 45. Rc4 Rb1 46.
Rc6+ Ke7 47. Rb6 Rc1 48. Be4 Nd6 49. Rc6 Rg1 50. Bf3 Nf5 51. Kf2 Rb1 52. Rb6
Rc1 53. Be4 Nd6 54. Bd3 Rh1 55. Kg2 Rd1 56. Rb3 Rd2+ 57. Kg3 Kf6 58. h3 Nf5+
59. Bxf5 Kxf5 60. Rb5+ Kg6 61. h4 h5 62. Rg5+ Kh6 63. Re5 Rxb2 64. Rxe6+ Kg7
65. f5 Rb4 66. Rg6+ Kf7 67. Rh6 Rg4+ 68. Kh3 Rf4 69. Rxh5 Kf6 70. Kg3 1/2-1/2

[Event "Championnat de France - Accession"]
[Site "Chartres"]
[Date "2005.08.26"]
[Round "10.18"]
[White "Comte, Frederic"]
[Black "Bernard, Christophe"]
[Result "0-1"]
[WhiteElo "2180"]
[BlackElo "2321"]
[PlyCount "84"]
[EventDate "2005.??.??"]

1. e4 c5 2. Nf3 d6 3. Bb5+ Bd7 4. Bxd7+ Qxd7 5. O-O Nc6 6. c3 Nf6 7. Re1 e6 8.
d4 cxd4 9. cxd4 d5 10. e5 Ne4 11. Nbd2 Nxd2 12. Bxd2 Be7 13. a3 O-O 14. b4 a5
15. b5 Na7 16. a4 Nc8 17. Qb3 Nb6 18. Qd3 h6 19. g4 Nc4 20. Bc1 f5 21. exf6
Bxf6 22. g5 hxg5 23. Nxg5 Bxg5 24. Bxg5 Rf5 25. f4 Nd6 26. Rac1 Ne4 27. Qe3
Raf8 28. Rc2 Qd6 29. Rg2 Rc8 30. Rc1 Rxc1+ 31. Qxc1 Qb4 32. Qc8+ Kh7 33. h3
Qxd4+ 34. Kh1 Nxg5 35. Rxg5 Qe4+ 36. Kg1 Qe3+ 37. Kg2 Rxg5+ 38. fxg5 Qxg5+ 39.
Kf3 Qf5+ 40. Kg3 Qe5+ 41. Kf3 Qe4+ 42. Kg3 d4 0-1

[Event "Championnat de France - Accession"]
[Site "Chartres"]
[Date "2005.08.26"]
[Round "10.19"]
[White "Dimitrov, Christo"]
[Black "Therkildsen, Thomas"]
[Result "1-0"]
[WhiteElo "2270"]
[BlackElo "2264"]
[PlyCount "79"]
[EventDate "2005.??.??"]

1. Nf3 b5 2. d4 Bb7 3. c3 e6 4. Qb3 a6 5. a4 Bd5 6. Qc2 Nf6 7. Nbd2 bxa4 8.
Rxa4 c5 9. e3 Qc7 10. Bd3 cxd4 11. exd4 Qb7 12. O-O Be7 13. b4 Bc6 14. Ra5 O-O
15. Bb2 Rc8 16. Qb3 Nd5 17. Rfa1 Nf4 18. Bf1 d6 19. b5 Bxf3 20. Nxf3 Bd8 21.
R5a3 a5 22. c4 Nd7 23. Qe3 Ng6 24. Rc3 Bf6 25. Bd3 Re8 26. Rc2 e5 27. Be4 Qc8
28. Bxa8 exd4 29. Qd2 Qxa8 30. Bxd4 Nc5 31. Bxf6 gxf6 32. Qxa5 Qb7 33. Re1 Re4
34. Qd8+ Kg7 35. Qxd6 Rg4 36. h3 Rxg2+ 37. Kxg2 Nh4+ 38. Kf1 Nxf3 39. Re3 Ne4
40. Qd5 1-0

[Event "Championnat de France - Accession"]
[Site "Chartres"]
[Date "2005.08.26"]
[Round "10.20"]
[White "Alanic, Mickael"]
[Black "Ravot, Sylvain"]
[Result "1/2-1/2"]
[WhiteElo "2228"]
[BlackElo "2265"]
[PlyCount "77"]
[EventDate "2005.??.??"]

1. Nf3 d5 2. g3 Nf6 3. Bg2 c6 4. O-O Bf5 5. d3 h6 6. Nbd2 e6 7. Re1 a5 8. b3 a4
9. Bb2 Be7 10. e4 Bh7 11. c4 a3 12. Bc3 dxe4 13. dxe4 Na6 14. e5 Nd7 15. Ne4
Bxe4 16. Rxe4 Qc7 17. Qe1 Qb6 18. Rd1 Bb4 19. Rg4 g6 20. Rf4 Ndc5 21. Rd6 Bxc3
22. Qxc3 Nb4 23. Nd4 Nxa2 24. Qf3 Qc7 25. Nxc6 Rf8 26. Rfd4 f5 27. exf6 Nc1 28.
Qe3 Rxf6 29. Nb4 N1xb3 30. Nd5 Qf7 31. Nxf6+ Qxf6 32. Bxb7 a2 33. Bc6+ Ke7 34.
Rd7+ Nxd7 35. Rxd7+ Kf8 36. Qxh6+ Kg8 37. Qh7+ Kf8 38. Qh6+ Kg8 39. Qh7+
1/2-1/2

[Event "Championnat de France - Open A"]
[Site "Chartres"]
[Date "2005.??.??"]
[Round "10.1"]
[White "Laval, Brice"]
[Black "Milanovic, Dino"]
[Result "1/2-1/2"]
[WhiteElo "2178"]
[BlackElo "2148"]
[PlyCount "49"]
[EventDate "2005.??.??"]

1. e4 c5 2. Nc3 a6 3. Nf3 e6 4. Be2 b5 5. O-O Bb7 6. e5 b4 7. Nb1 Ne7 8. d3 Ng6
9. Re1 Nc6 10. Bf1 Qc7 11. Qe2 d6 12. exd6 Bxd6 13. Nbd2 Nce5 14. Nxe5 Bxe5 15.
Nf3 Bf6 16. g3 O-O 17. h4 Qc6 18. Qe4 Ne5 19. Qxc6 Nxf3+ 20. Qxf3 Bxf3 21. a4
Rfc8 22. Rb1 Bc6 23. Bg2 Bxg2 24. Kxg2 c4 25. Re4 1/2-1/2

[Event "Championnat de France - Open A"]
[Site "Chartres"]
[Date "2005.??.??"]
[Round "10.2"]
[White "Rabineau, Clement"]
[Black "Veron, Cyprien"]
[Result "1/2-1/2"]
[WhiteElo "2179"]
[BlackElo "2133"]
[PlyCount "51"]
[EventDate "2005.??.??"]

1. e4 d5 2. exd5 Qxd5 3. Nc3 Qa5 4. d4 Nf6 5. Bc4 c6 6. Bd2 Bf5 7. Nd5 Qd8 8.
Nxf6+ gxf6 9. c3 e6 10. Ne2 Bd6 11. Bf4 Bxf4 12. Nxf4 Qd6 13. Nh5 Ke7 14. O-O
Nd7 15. Ng3 Bg6 16. Qf3 h5 17. Rfe1 h4 18. Ne4 Qc7 19. Nc5 Nxc5 20. dxc5 Rh5
21. b4 Rf5 22. Qe3 Rd8 23. Rad1 Re5 24. Qh3 Rh5 25. Qe3 Re5 26. Qh3 1/2-1/2

[Event "Championnat de France - Open A"]
[Site "Chartres"]
[Date "2005.??.??"]
[Round "10.4"]
[White "Aurel, Luc"]
[Black "Entem, Alan"]
[Result "1-0"]
[WhiteElo "2167"]
[BlackElo "2127"]
[PlyCount "83"]
[EventDate "2005.??.??"]

1. g3 g6 2. Bg2 Bg7 3. c4 d6 4. Nc3 Nc6 5. e4 e5 6. d3 Nge7 7. Nge2 O-O 8. O-O
Be6 9. Nd5 a5 10. Be3 Nd4 11. Nxd4 exd4 12. Bd2 c5 13. Nxe7+ Qxe7 14. a4 Qd7
15. f4 f5 16. exf5 gxf5 17. Re1 Kh8 18. Qf3 Ra7 19. Re2 Rf6 20. Rae1 h6 21. b3
Kh7 22. Kh1 Bf8 23. Qh5 Bf7 24. Qh4 Kg7 25. Bf3 b6 26. g4 fxg4 27. Qxg4+ Qxg4
28. Bxg4 Bg6 29. Rg2 Kh7 30. Rg3 Re7 31. Rxe7+ Bxe7 32. Rh3 Bf8 33. Kg1 Bf7 34.
Kf2 d5 35. Bf3 Bd6 36. Bxd5 Bxd5 37. cxd5 Kg6 38. Kf3 Rf5 39. Ke4 Bf8 40. Rg3+
Kf6 41. Rg8 Bd6 42. Re8 {#} 1-0

[Event "Championnat de France - Open A"]
[Site "Chartres"]
[Date "2005.??.??"]
[Round "10.5"]
[White "Milesi, Laurent"]
[Black "Lagunes, Jean-Renaud"]
[Result "1-0"]
[WhiteElo "2144"]
[BlackElo "2131"]
[PlyCount "69"]
[EventDate "2005.??.??"]

1. e4 d5 2. exd5 Qxd5 3. Nc3 Qa5 4. d4 Nf6 5. Bc4 Bg4 6. Nge2 e6 7. f3 Bf5 8.
Ng3 Bb4 9. O-O c6 10. Nce4 Nxe4 11. Nxf5 Qxf5 12. Bd3 Qd5 13. Bxe4 Qd6 14. c3
Ba5 15. f4 Bc7 16. Qb3 b6 17. g3 g6 18. Bd2 O-O 19. Rae1 a5 20. a4 Ra7 21. Qc4
Rd8 22. Rf2 Rb7 23. Bc1 b5 24. Qb3 Rb6 25. Kg2 Na6 26. Qc2 Rbb8 27. Qe2 Rb6 28.
Bd3 Qd5+ 29. Kg1 Qa2 30. axb5 Nb8 31. Bc4 Qb1 32. f5 cxb5 33. fxe6 bxc4 34.
exf7+ Kg7 35. f8=Q+ 1-0

[Event "Championnat de France - Open A"]
[Site "Chartres"]
[Date "2005.??.??"]
[Round "10.6"]
[White "Jaulin, Marc"]
[Black "Dube, Dimitri"]
[Result "1/2-1/2"]
[WhiteElo "2135"]
[BlackElo "2136"]
[PlyCount "82"]
[EventDate "2005.??.??"]

1. d4 Nf6 2. c4 e6 3. Nf3 Bb4+ 4. Nbd2 O-O 5. a3 Bxd2+ 6. Qxd2 d6 7. Qc2 Qe7 8.
e4 e5 9. d5 a5 10. b3 Na6 11. Bg5 h6 12. Bxf6 Qxf6 13. Bd3 Bh3 14. O-O Qg6 15.
Ne1 f5 16. Kh1 fxe4 17. Bxe4 Bf5 18. Bxf5 Qxf5 19. Qxf5 Rxf5 20. Nc2 Nc5 21.
Ne3 Rf4 22. Rab1 Raf8 23. Kg1 b6 24. f3 a4 25. b4 Nb3 26. Rb2 Rd4 27. Rc2 Rd3
28. Re1 Rf4 29. Nd1 Rd2 30. Rxd2 Nxd2 31. c5 bxc5 32. bxc5 Rd4 33. cxd6 cxd6
34. Nc3 Nc4 35. Re4 Nb6 36. Rxd4 exd4 37. Nb5 d3 38. Kf2 Nc4 39. Nc3 Kf7 40.
Nxa4 Kf6 41. f4 d2 1/2-1/2

[Event "Championnat de France - Open A"]
[Site "Chartres"]
[Date "2005.??.??"]
[Round "10.7"]
[White "Duchateau, Thomas"]
[Black "Fischer, Marc"]
[Result "1-0"]
[WhiteElo "2118"]
[BlackElo "2136"]
[PlyCount "63"]
[EventDate "2005.??.??"]

1. e4 c5 2. Nc3 Nc6 3. f4 g6 4. Nf3 Bg7 5. Bb5 Nd4 6. O-O a6 7. Bd3 e6 8. Nxd4
cxd4 9. Ne2 Ne7 10. c3 Nc6 11. Qe1 O-O 12. Qf2 d5 13. b3 dxe4 14. Bxe4 d3 15.
Ng3 f5 16. Bxc6 bxc6 17. Qc5 Qc7 18. Ba3 Rd8 19. Qe7 Qxe7 20. Bxe7 Rd5 21. Rae1
Kf7 22. Bh4 h6 23. Nh1 e5 24. fxe5 g5 25. Bf2 Be6 26. Bb6 Bxe5 27. Nf2 Bf4 28.
Be3 Bc7 29. c4 Rdd8 30. Ne4 Kg6 31. Nc5 Bg8 32. g3 1-0

[Event "Championnat de France - Open A"]
[Site "Chartres"]
[Date "2005.??.??"]
[Round "10.9"]
[White "Choisy, Mathilde"]
[Black "Garbarino, Xavier"]
[Result "1/2-1/2"]
[WhiteElo "2113"]
[BlackElo "2191"]
[PlyCount "30"]
[EventDate "2005.??.??"]

1. e4 Nc6 2. Nf3 d6 3. d4 Nf6 4. Nc3 Bg4 5. Be2 e6 6. Be3 Be7 7. d5 exd5 8.
exd5 Bxf3 9. gxf3 Ne5 10. f4 Ned7 11. Qd4 O-O 12. O-O-O c5 13. Qd3 Rb8 14. Rhg1
b5 15. Rg3 Qa5 1/2-1/2

[Event "Championnat de France - Open B"]
[Site "Chartres"]
[Date "2005.08.26"]
[Round "10.1"]
[White "Zermiche, Cherif"]
[Black "Pantioukhine, Slava"]
[Result "0-1"]
[WhiteElo "1971"]
[BlackElo "1989"]
[PlyCount "84"]
[EventDate "2005.??.??"]

1. e4 Nf6 2. e5 Nd5 3. d4 d6 4. c4 Nb6 5. exd6 cxd6 6. Nc3 g6 7. Be3 Bg7 8. Rc1
O-O 9. b3 Nc6 10. d5 Ne5 11. Be2 a5 12. f4 Ned7 13. Nf3 Nf6 14. O-O e6 15. dxe6
fxe6 16. Qd4 Nfd5 17. Qd2 Bxc3 18. Rxc3 Nxc3 19. Qxc3 Nd7 20. Nd4 Nc5 21. Rd1
Qe7 22. Nb5 Ra6 23. Bf3 e5 24. fxe5 dxe5 25. Bd5+ Be6 26. Qxe5 Nd7 27. Qd4 Bxd5
28. Qxd5+ Rf7 29. Bf2 Nf6 30. Qd4 Ne8 31. Re1 Re6 32. Rd1 Re4 33. Qd5 Re2 34.
Bg3 Qe3+ 35. Kh1 Nf6 36. Qd8+ Rf8 37. Qxa5 Ne4 38. Nd6 Nc3 39. Rg1 Re1 40. Bxe1
Qxg1+ 41. Kxg1 Ne2+ 42. Kh1 Rf1# 0-1

[Event "Championnat de France - Open B"]
[Site "Chartres"]
[Date "2005.08.26"]
[Round "10.2"]
[White "Guerande, Pierre-Franck"]
[Black "Petitjean, Pierre"]
[Result "1/2-1/2"]
[WhiteElo "1890"]
[BlackElo "1985"]
[PlyCount "95"]
[EventDate "2005.??.??"]

1. d4 g6 2. Nf3 Bg7 3. c4 Nf6 4. g3 O-O 5. Bg2 d6 6. Nc3 Nbd7 7. O-O e5 8. dxe5
dxe5 9. Qc2 c6 10. Rd1 Qe7 11. e4 Re8 12. Rb1 a5 13. a3 Nf8 14. b4 axb4 15.
axb4 N6d7 16. Be3 Ne6 17. c5 Rf8 18. Bh3 h5 19. Bxe6 Qxe6 20. Rd6 Qe7 21. Rbd1
Nf6 22. Bg5 Bg4 23. Kg2 Rfd8 24. h3 Bxf3+ 25. Kxf3 Rxd6 26. Rxd6 Rd8 27. Rd3
Rxd3+ 28. Qxd3 Qd7 29. Qxd7 Nxd7 30. g4 Nf8 31. gxh5 gxh5 32. Ne2 Ne6 33. Be3
Kh7 34. Ng3 Kg6 35. Nf5 Bf8 36. h4 Ng7 37. Nxg7 Kxg7 38. Kg3 f6 39. f4 Kf7 40.
f5 Ke8 41. Kf3 Kd7 42. Ke2 b6 43. Kd3 bxc5 44. bxc5 Kc7 45. Kc3 Kb7 46. Kb4 Ka6
47. Ka4 Be7 48. Bf2 {nulle au 73 coups} 1/2-1/2

[Event "Championnat de France - Open B"]
[Site "Chartres"]
[Date "2005.08.26"]
[Round "10.3"]
[White "Grego, Pierre"]
[Black "Caroll, John"]
[Result "1-0"]
[WhiteElo "1913"]
[BlackElo "1900"]
[PlyCount "95"]
[EventDate "2005.??.??"]

1. e4 c6 2. d4 d5 3. e5 Bf5 4. Nf3 e6 5. Be2 c5 6. O-O Nc6 7. c3 cxd4 8. cxd4
Nge7 9. a3 Nc8 10. b3 Qb6 11. Bb2 a5 12. Nc3 Bg4 13. Na4 Qd8 14. Rc1 N8a7 15.
h3 Bxf3 16. Bxf3 Be7 17. Be2 O-O 18. Qd3 Rc8 19. f4 g6 20. g4 f5 21. exf6 Rxf6
22. g5 Rf7 23. Bg4 Qd6 24. Rce1 Nd8 25. Nc5 Rc6 26. Bxe6 Nxe6 27. Rxe6 Qc7 28.
Rxc6 Nxc6 29. Qe3 Bd6 30. Qe8+ Rf8 31. Qe6+ Kg7 32. Qe3 Kg8 33. Nd3 Qe7 34. Qf3
Qe4 35. Qxe4 dxe4 36. Ne5 Ne7 37. a4 Nd5 38. Bc1 Rf5 39. Nc4 Bb4 40. Ne3 Nxe3
41. Bxe3 Bd6 42. Kg2 Rf7 43. Kg3 Rc7 44. Rc1 Kf7 45. Rxc7+ Bxc7 46. Kg4 Ke6 47.
h4 Bb6 48. d5+ 1-0

[Event "Championnat de France - Open B"]
[Site "Chartres"]
[Date "2005.08.26"]
[Round "10.4"]
[White "Bleuzen, Cedric"]
[Black "Le Clezio, Sylvain"]
[Result "1-0"]
[WhiteElo "1935"]
[BlackElo "1883"]
[PlyCount "115"]
[EventDate "2005.??.??"]

1. d4 Nf6 2. Nf3 c5 3. d5 e6 4. c4 exd5 5. cxd5 d6 6. Nc3 g6 7. e4 Bg7 8. Bb5+
Nfd7 9. O-O a6 10. Bd3 b5 11. Bf4 Qc7 12. Bxb5 Qb6 13. Bxd7+ Bxd7 14. Qc2 O-O
15. Nd2 Bb5 16. Rfe1 Rd8 17. a4 Be8 18. Nc4 Qc7 19. Rad1 f6 20. b3 Ra7 21. Nb1
Rb7 22. Nba3 Bf8 23. Bd2 Qg7 24. Na5 Rbd7 25. Bc3 g5 26. N3c4 Qg6 27. Qb2 Bg7
28. Qc2 h5 29. Re2 Bf8 30. Rde1 Bg7 31. Qd2 Bf8 32. Qb2 Rf7 33. f3 Qh6 34. Qc1
Qg6 35. Bd2 Rh7 36. Bc3 Rf7 37. Rf1 Kh7 38. Qe1 Qh6 39. Qg3 Qg6 40. f4 h4 41.
Qf2 Kg8 42. Qe1 Bg7 43. Ne3 Qh5 44. Nf5 Qg6 45. Nc4 Bf8 46. Qa1 Kh7 47. Re3 Kg8
48. Qd1 Rh7 49. fxg5 fxg5 50. g3 hxg3 51. Rxg3 Rh5 52. Qd2 Kh7 53. Rf2 Bd7 54.
Ncxd6 Bxd6 55. Nxd6 Qxd6 56. Rf7+ Kg6 57. Rg7+ Kh6 58. R3xg5 1-0

[Event "Championnat de France - Open B"]
[Site "Chartres"]
[Date "2005.08.26"]
[Round "10.5"]
[White "Dureau, Laurent"]
[Black "Ferrier, David"]
[Result "0-1"]
[WhiteElo "1929"]
[BlackElo "1989"]
[PlyCount "118"]
[EventDate "2005.??.??"]

1. e4 c5 2. Nf3 e6 3. d3 Nc6 4. g3 Qc7 5. Bg2 Nf6 6. Nbd2 a6 7. a4 d5 8. O-O
Be7 9. Ne1 h5 10. f4 Ng4 11. Ndf3 dxe4 12. dxe4 c4 13. c3 Bc5+ 14. Nd4 e5 15.
fxe5 Ngxe5 16. h3 Qb6 17. Nec2 Be6 18. Be3 O-O-O 19. a5 Nxa5 20. Qe2 Nb3 21.
Nxb3 Bxe3+ 22. Qxe3 Qxe3+ 23. Nxe3 cxb3 24. Nd5 Nc4 25. Rf2 Bxd5 26. exd5 f6
27. Ra4 Ne5 28. Rd2 Rd6 29. Rb4 b5 30. Rxb3 Kc7 31. Re2 Kb6 32. Ra3 h4 33. g4
Nd3 34. Rd2 Nf4 35. Ra1 Re8 36. Kf2 Re5 37. Rd4 Nxg2 38. Kxg2 Rexd5 39. Rad1
Rxd4 40. cxd4 Kc6 41. Kf3 Kd5 42. Ke3 Re6+ 43. Kf4 g6 44. Kf3 g5 45. Rd3 Re4
46. Ra3 Rxd4 47. Rxa6 Rf4+ 48. Ke3 Kc4 49. Rd6 Kb3 50. Rd5 b4 51. Rd2 Rf1 52.
Ke4 Rf4+ 53. Ke3 f5 54. gxf5 Rxf5 55. Ke4 Rf4+ 56. Ke3 Rf1 57. Ke4 Rh1 58. Kf5
Rxh3 59. Rd3+ Rxd3 0-1

[Event "Championnat de France - Open B"]
[Site "Chartres"]
[Date "2005.08.26"]
[Round "10.6"]
[White "Castel, Efflam"]
[Black "Levesque, Thomas"]
[Result "1/2-1/2"]
[WhiteElo "1890"]
[BlackElo "1989"]
[PlyCount "126"]
[EventDate "2005.??.??"]

1. d4 Nf6 2. Bf4 g6 3. Nf3 Bg7 4. Nbd2 d6 5. h3 O-O 6. e3 Nbd7 7. Be2 Re8 8.
O-O h6 9. c4 e5 10. dxe5 dxe5 11. Bh2 Nh7 12. Qc2 f5 13. Rad1 Qe7 14. Nb1 Kh8
15. Nc3 Qf7 16. Nd5 Nc5 17. b4 Ne4 18. Nd2 Nxd2 19. Rxd2 c6 20. Nc3 Be6 21. c5
f4 22. exf4 Bf5 23. Ne4 Rad8 24. Bd3 Bxe4 25. Bxe4 Rxd2 26. Qxd2 exf4 27. Qc2
Nf8 28. Rd1 Be5 29. f3 Kg7 30. Kh1 Ne6 31. Bg1 Re7 32. a4 a6 33. Qc4 Rd7 34.
Rxd7 Qxd7 35. Qd3 Qxd3 36. Bxd3 Kf6 37. Bf2 g5 38. Kg1 Nc7 39. Kf1 Bc3 40. Be1
Bd4 41. Ke2 Nd5 42. Bc4 Ne7 43. Kd3 Ke5 44. h4 Nf5 45. hxg5 hxg5 46. Bf7 Ba1
47. Bf2 Bb2 48. Be8 Ke6 49. b5 Kd5 50. bxa6 bxa6 51. a5 Ba3 52. Bf7+ Ke5 53.
Bc4 Bb4 54. Bxa6 Bxa5 55. Kc4 Ne3+ 56. Bxe3 fxe3 57. Kd3 Kf4 58. Bb7 Bb4 59.
Bxc6 Bxc5 60. Ke2 Kg3 61. Kf1 Bd6 62. Ba8 Bf4 63. Be4 Kh4 1/2-1/2

[Event "Championnat de France - Open B"]
[Site "Chartres"]
[Date "2005.??.??"]
[Round "10.7"]
[White "Pierre, Timothee"]
[Black "Charpentier, Denis"]
[Result "0-1"]
[WhiteElo "1971"]
[BlackElo "1917"]
[PlyCount "70"]
[EventDate "2005.??.??"]

1. e4 d5 2. exd5 Nf6 3. Nc3 Nxd5 4. Nxd5 Qxd5 5. d4 Nc6 6. Nf3 e5 7. c4 Bb4+ 8.
Bd2 Qa5 9. d5 e4 10. Qe2 O-O 11. Qxe4 Bd7 12. Be2 Bxd2+ 13. Nxd2 Rfe8 14. Qd3
Ne5 15. Qc3 Qxc3 16. bxc3 Nd3+ 17. Kf1 Bf5 18. g4 Nf4 19. Bf3 Bd3+ 20. Kg1 Re7
21. h3 Rae8 22. Rd1 b6 23. c5 bxc5 24. Nb3 Be2 25. Bxe2 Rxe2 26. Kh2 R8e3 27.
Rhf1 Rxh3+ 28. Kg1 Rxc3 29. d6 cxd6 30. Rxd6 g5 31. Ra6 Rcc2 32. Rxa7 Nh3+ 33.
Kg2 Nxf2 34. Kf3 Nd3 35. Kg3 Ne5 0-1